00860nam a22002297a 450000500170000001000130001702000100003003500130004003700160005304000120006908200120008110000200009324501380011324601030025126000420035427000490039630000210044565000540046665000490052065000260056965000350059520170123162301.0 aA-603571 c22.00 aA-603571 bCen Lib/Ret adplbUR a954.022 aستیش چند a / مغل دربار کی گروہ بندباں کی اور ان کی سیاست c کاسم صدیقی مترجم; ستیش چند aMughal darbar ki girobandiyain aur yun ki siyasat /bby Satish Chand; translated by kasim siddiqui aاتر پردیسbشبستانc1973 a284,شاہ گنجbالہ آبادe300112 a265p. c20cm(Hb) aہندوستانی تاریخvہندوستانی aہندوستانی تاریخ-مغل مدت- aIndian historyvIndia aIndian history - Mughal Period